000 00685nam a2200181 a 4500
001 BRCA_1465
005 20190320203435.0
008 141105s2005----mx-a---###---#000-0#spa-d
050 4 _aGT513
_b.S43 2005
245 1 0 _aDe seda oro y plata
_btextiles taurinos.
260 _aMéxico
_bGrupo SOS : Museo Franz Mayer
_c2005
300 _a1 v. (sin paginación)
_bil.
_c21 cm.
500 _aCatálogo de la exposición realizada en el Museo Franz Mayer (Ciudad de México), 2 febrero - 3 abril, 2005
500 _a2do. ejemplar en el Área de Investigación
650 1 4 _aIndumentaria
_xToreros
_zMéxico
_94795
650 1 4 _aTextiles taurinos
_xOrnamentación
_zMéxico
_94796
942 _2lcc
_cB
999 _c1327
_d1327